Normal view
MARC view
Entry Personal Name
001 - CONTROL NUMBER
- control field: 68689
003 - CONTROL NUMBER IDENTIFIER
- control field: dpl
005 - DATE AND TIME OF LATEST TRANSACTION
- control field: 20240722150907.0
008 - FIXED-LENGTH DATA ELEMENTS
- fixed length control field: 240722|| aca||aabn | a|a d
040 ## - CATALOGING SOURCE
- Original cataloging agency: dpl
- Transcribing agency: dpl
100 ## - HEADING--PERSONAL NAME
- Personal name: भसीन,सुधीर
670 ## - SOURCE DATA FOUND
- Source citation: Work cat.: (dpl)204264: भसीन,सुधीर, शहीदे आजम भगत सिंह/, 2022
